Galilean fishermen: (Record no. 11031)

000 -LEADER
fixed length control field 00713nam a2200193 a 4500
001 - CONTROL NUMBER
control field :::00008824$&:&@@
003 - CONTROL NUMBER IDENTIFIER
control field OkBaRHE
005 - DATE AND TIME OF LATEST TRANSACTION
control field 20010109133922.0
008 - FIXED-LENGTH DATA ELEMENTS--GENERAL INFORMATION
fixed length control field s1940 j 000 0 eng u
040 ## - CATALOGING SOURCE
Transcribing agency
100 1# - MAIN ENTRY--PERSONAL NAME
Personal name Witmer, Safara Austin, 1899-
245 10 - TITLE STATEMENT
Title Galilean fishermen:
Remainder of title a manual in personal evangelism.
260 ## - PUBLICATION, DISTRIBUTION, ETC. (IMPRINT)
Place of publication, distribution, etc Berne, IN., :
Name of publisher, distributor, etc Light and Hope Publications
Date of publication, distribution, etc c1940
300 ## - PHYSICAL DESCRIPTION
Extent 194 p. ;
Dimensions 19 cm.
650 ## - SUBJECT ADDED ENTRY--TOPICAL TERM
Topical term or geographic name as entry element Evangelistic Work
General subdivision Study and Teaching
942 ## - ADDED ENTRY ELEMENTS (KOHA)
Source of classification or shelving scheme
Koha item type Books
Copies
Price effective from Date acquired Copy number Full call number Lost status Damaged status Barcode Koha item type Date last seen Source of classification or shelving scheme Permanent Location Withdrawn status Not for loan Shelving location
2010-04-142010-04-141BV 3795 .W48G4  8824Books2010-04-14 RHEMA Bible Training College  General Stacks
2010-04-142010-04-142BV 3795 .W48G4  18815Books2010-04-14 RHEMA Bible Training College  General Stacks